All Goalies of Columbus Blue Jackets - Statistics

General Stats
  • This quiz has been taken 13 times
  • The average score is 9 of 28
Answer Stats
Years Natonality Answer GP % Correct
2019-present LAT Elvis Merzlikins 114
90%
2015-present FIN Joonas Korpisalo 182
90%
2012-2019 RUS Sergej Bobrovsky 374
90%
2008-2012 CAN Steve Mason 219
70%
2021-present RUS Daniil Tarasov 4
60%
2000-2002 CAN Ron Tugnutt 97
60%
2000-2006 CAN Marc Denis 266
50%
2019-2021 LAT Matiss Kivlenieks 8
50%
2003-2009 CAN Pascal Leclaire 125
50%
2014-2017 SWE Anton Forsberg 10
20%
2006-2007 USA Brian Boucher 3
20%
2013-2017 CAN Curtis McElhinney 85
20%
2003-2004 CAN Fred Brathwaite 21
20%
2009-2011 CAN Mathieu Garon 71
20%
2011-2012 CAN Allen York 11
10%
2011-2012 CAN Curtis Sanford 36
10%
2007-2009 CAN Dan LaCosta 4
10%
2010-2011 CAN David LeNeveu 1
10%
2006-2009 FIN Fredrik Norrena 100
10%
2021-present CAN Jean-François Bérubé 4
10%
2001-2003 CAN Jean-Francois Labbé 14
10%
2005-2006 CZE Martin Prusek 9
10%
2013-2014 USA Mike McKenna 4
10%
2011-2012 USA Sean Hunwick 1
10%
2006-2007 CZE Tomáš Pöpperle 2
10%
2006-2007 USA Ty Conklin 11
10%
2020-2021 FIN Veini Vehviläinen 1
10%
2008-2009 CAN Wade Dubielewicz 3
10%
No matching quizzes found
Score Distribution
Percent of People with Each Score
Percentile by Number Answered
Your Score History
You have not taken this quiz